00793nam a2200253 i 450000500170000000700030001700800410002002000150006104000350007604100080011108400110011910000360013024500430016625000220020926400320023130000250026333600270028833700330031533800280034850000690037665000310044565000310047665000320050720220317000210.0ta141031s2000 ck gr 000 0 spa d a848191326X aCO-BoRNBPbspaerdacCO-BoRNBP0 aspa aP QUI810aQuirarte, Vicented1954-eautor10aComo a veces la vidacVicente Quirarte aPrimera edición 1aValencia bPre-textosc2000 a216 páginasc23 cm atextobtxt2rdacontent asin mediaciónbn2rdamedia avolumenbnc2rdacarrier aBajo el patrocinio de Sarah Girri y Jorge Gallardo, Buenos Aires17aAutores mexicanos 2ARMARC17aPoesía mexicana 2ARMARC17aLiteratura mexicana2ARMARC